00924nam a2200169 a 4500008004100000050001500041100002000056245020600076260009600282300002000378650004600398650005700444650004000501995008000541999001700621952011600638140528s2010 ||||||||||||||||| || u aTHESIS/MBA aMisale, Cetty M14aThe role of coporate social responsibility (CSR) in the management of HIV/AIDS at the workplace and associated economic benefits: a case of the Lusaka Stock Exchange listed companiescby Cetty M Misale aKitwe:bCopperbelt University, School of Business, Department of Postgraduate studiesc2010 axiv, 80p.: ill. aHIV/AIDS-- MANAGEMENT-- ZAMBIAN COMPANIES aHIV/AIDS MANAGEMENT-- COPORATE SOCIAL RESPONSIBILITY aHIV/AIDS--LISTED COMPANIES-- ZAMBIA FCBU-MAIN LIBRARY (Kitwe)M1UAVAILABLEWMay 28, 2014ZUniversity Collection c56658d56658 00102lcc4070a001b001cUniversity Collectiond2022-11-30l0oTHESIS/MBApB1387r2022-11-30w2022-11-30y002